000 00465 a2200169 4500
003 Nust
005 20170207153352.0
040 _cNust
082 _a005.1
100 _aChaudhry , Zubair Omair PC BESE-04
245 _aVoice Mailing system (Hard / Softcopy)
_cPC Omair Zubair Chaudhry & PC Zunair Javed Butt BESE-04
260 _aRawalpindi
_bMCS
_c2002
300 _a113 p
538 _aAlmirah No 71 Shelf No 3
650 _aUG Projects
651 _aUG CS Projects
942 _cTHS
999 _c184611
_d184611